000 00330 a2200157 4500
001 57153
020 _a8526237276
040 _cAnchieta - Pituba
100 _aBraz, Júlio Emílio
240 1 0 _aCenas urbanas
_lpor
245 1 0 _aCenas urbanas
300 _a71
362 0 _a2000
650 4 _aLiteratura juvenil
942 _cBK
999 _c57153
_d57153